[Event "Women's Speed Chess Q3"]
[Site "chess.com INT"]
[Date "2021.05.30"]
[Round "14"]
[White "Nandhidhaa, P V"]
[Black "Arpita, Mukherjee"]
[Result "0-1"]
[WhiteTitle "WGM"]
[BlackTitle "WIM"]
[WhiteElo "2365"]
[BlackElo "2206"]
[WhiteFideId "5050847"]
[BlackFideId "5056403"]
[EventDate "2021.05.30"]

1. e4 c5 2. Nf3 d6 3. d4 cxd4 4. Qxd4 Nc6 5. Qe3 e5 6. c4 Nf6 7. Nc3 Be6 8. h3
h6 9. Be2 Be7 10. O-O O-O 11. b3 Rc8 12. Bb2 Nd7 13. Rfd1 Nc5 14. Rac1 a5 15.
Nd5 Bxd5 16. Rxd5 Nb4 17. Rd2 Nxa2 18. Ra1 Nb4 19. Bxe5 Qb6 20. Bb2 Rfe8 21. Nd4
Bf6 22. Qg3 Nxe4 23. Qf4 Nxd2 24. Qxd2 d5 25. Bf1 dxc4 26. Bxc4 Rcd8 27. Rd1 Nc6
28. Re1 Rxe1+ 29. Qxe1 Nxd4 30. Bxd4 Qxd4 31. Qxa5 Qd1+ 32. Kh2 Qd6+ 33. g3 Qd4
34. Qc7 Qxf2+ 35. Kh1 Rd1+ 0-1

[Event "Women's Speed Chess Q3"]
[Site "chess.com INT"]
[Date "2021.05.30"]
[Round "14"]
[White "Rakshitta, Ravi"]
[Black "Mohota, Nisha"]
[Result "1-0"]
[WhiteTitle "WIM"]
[BlackTitle "IM"]
[WhiteElo "2190"]
[BlackElo "2195"]
[WhiteFideId "25073230"]
[BlackFideId "5004330"]
[EventDate "2021.05.30"]

1. e4 Nf6 2. e5 Nd5 3. d4 d6 4. Nf3 dxe5 5. dxe5 c6 6. Be2 Bg4 7. O-O e6 8. c4
Nc7 9. Qxd8+ Kxd8 10. Nc3 Bxf3 11. Bxf3 Bb4 12. Ne4 Nd7 13. a3 Be7 14. Bf4 h6
15. Bg3 f5 16. exf6 gxf6 17. Rad1 f5 18. Nd6 Bxd6 19. Rxd6 Ke7 20. Rfd1 Rad8 21.
Bh4+ Nf6 22. Bxf6+ Kxf6 23. Rxd8 Rxd8 24. Rxd8 e5 25. Rd7 Ne6 26. Rxb7 Nd4 27.
Bd1 e4 28. Rxa7 Ke5 29. b4 f4 30. Ra5+ Kd6 31. Rh5 e3 32. fxe3 fxe3 33. Rxh6+
Ke5 34. Kf1 Ke4 35. Rh4+ Kd3 36. Rxd4+ Kxd4 37. h4 Kxc4 38. h5 Kc3 39. h6 Kd2
40. Be2 Kc1 41. h7 Kb2 42. h8=Q+ Kxa3 43. Qc3+ 1-0

[Event "Women's Speed Chess Q3"]
[Site "chess.com INT"]
[Date "2021.05.30"]
[Round "14"]
[White "Havanecz, Bianka"]
[Black "Narva, Mai"]
[Result "1-0"]
[WhiteTitle "WIM"]
[BlackTitle "WIM"]
[WhiteElo "2257"]
[BlackElo "2276"]
[WhiteFideId "704814"]
[BlackFideId "4500512"]
[EventDate "2021.05.30"]

1. d4 Nf6 2. c4 e6 3. Nc3 Bb4 4. Qc2 d5 5. cxd5 exd5 6. Bg5 h6 7. Bh4 c5 8. dxc5
g5 9. Bg3 Ne4 10. e3 Qa5 11. Be5 O-O 12. Bd3 Bf5 13. Ne2 Nc6 14. Bd4 Nxd4 15.
exd4 Nxc3 16. bxc3 Bxd3 17. Qxd3 Ba3 18. O-O Rfe8 19. Rae1 b6 20. cxb6 axb6 21.
Ng3 Bf8 22. h4 gxh4 23. Nh5 Re6 24. Rxe6 fxe6 25. Qg6+ Kh8 26. Nf6 1-0

[Event "Women's Speed Chess Q3"]
[Site "chess.com INT"]
[Date "2021.05.30"]
[Round "14"]
[White "Varshini, V"]
[Black "Berend, Elvira"]
[Result "1-0"]
[WhiteTitle "WGM"]
[BlackTitle "WGM"]
[WhiteElo "2226"]
[BlackElo "2326"]
[WhiteFideId "5091241"]
[BlackFideId "4000510"]
[EventDate "2021.05.30"]

1. e4 e5 2. Nf3 Nc6 3. Bc4 Bc5 4. c3 Nf6 5. d4 exd4 6. e5 d5 7. Bb5 Ne4 8. cxd4
Bb4+ 9. Bd2 Bxd2+ 10. Nbxd2 O-O 11. O-O Bf5 12. Bxc6 bxc6 13. Nb3 a5 14. Rc1 a4
15. Nc5 a3 16. b3 h6 17. Nd2 Ng5 18. f4 Ne6 19. Nf3 Nxf4 20. Qd2 Ne6 21. Nxe6
Bxe6 22. Rxc6 Rb8 23. Rfc1 Rb7 24. Qc3 Bg4 25. Rxc7 Rb8 26. Rc5 Bxf3 27. Qxf3
Qg5 28. Rd1 Rbd8 29. h3 Kh8 30. b4 Rc8 31. Qxa3 Ra8 32. Qb3 Qf4 33. Rxd5 Qe4 34.
Rc5 Rad8 35. Qc2 Qe3+ 36. Qf2 Qc3 37. Rxc3 1-0

[Event "Women's Speed Chess Q3"]
[Site "chess.com INT"]
[Date "2021.05.30"]
[Round "14"]
[White "Batsiashvili, Nino"]
[Black "Novikova, Anna"]
[Result "1-0"]
[WhiteTitle "GM"]
[BlackTitle "WIM"]
[WhiteElo "2491"]
[BlackElo "2247"]
[WhiteFideId "13602993"]
[BlackFideId "4146794"]
[EventDate "2021.05.30"]

1. d4 d5 2. c4 e6 3. Nf3 c6 4. Nc3 Nf6 5. Bg5 dxc4 6. e3 b5 7. Be2 Nbd7 8. O-O
Bb7 9. a4 a6 10. Qc2 Be7 11. Ne5 Nxe5 12. dxe5 Nd5 13. Bxe7 Qxe7 14. Ne4 O-O 15.
Nd6 Rfd8 16. b3 cxb3 17. Qxb3 Nb6 18. Rfc1 Rac8 19. Nxc8 Rxc8 20. axb5 cxb5 21.
Rxc8+ Bxc8 22. Rc1 Bb7 23. Qc3 Nd5 24. Qa5 h6 25. Bf3 g6 26. h3 Kg7 27. e4 Nf4
28. Rc7 Qd8 29. Rxf7+ Kxf7 30. Qxd8 1-0

[Event "Women's Speed Chess Q3"]
[Site "chess.com INT"]
[Date "2021.05.30"]
[Round "14"]
[White "Bommini, Mounika Akshaya"]
[Black "Makhija, Aashna"]
[Result "0-1"]
[WhiteTitle "WFM"]
[BlackTitle "WIM"]
[WhiteElo "2029"]
[BlackElo "1969"]
[WhiteFideId "25019872"]
[BlackFideId "25011944"]
[EventDate "2021.05.30"]

1. d4 e6 2. c4 d5 3. Nc3 Nf6 4. cxd5 exd5 5. Bf4 c6 6. e3 Bd6 7. Bg3 Bf5 8. Bd3
Bxd3 9. Qxd3 O-O 10. Nge2 a5 11. Bh4 Be7 12. O-O Re8 13. Ng3 g6 14. f3 Nbd7 15.
e4 dxe4 16. fxe4 Ng4 17. Bxe7 Qxe7 18. e5 f5 19. Nxf5 gxf5 20. Qxf5 Ne3 21. Qf4
Nxf1 22. Rxf1 Rf8 23. Qg3+ Kh8 24. Rxf8+ Rxf8 25. Ne4 Qg7 26. Qh3 Nb6 27. Nf6
Nd5 28. Nxd5 cxd5 29. g3 Qf7 30. Qg2 Qf5 31. h3 Qb1+ 32. Kh2 Qe1 0-1

[Event "Women's Speed Chess Q3"]
[Site "chess.com INT"]
[Date "2021.05.30"]
[Round "14"]
[White "Samaganova, Alexandra"]
[Black "Dwilewicz, Katarzyna"]
[Result "1-0"]
[WhiteTitle "WFM"]
[BlackTitle "WFM"]
[WhiteElo "1993"]
[BlackElo "2092"]
[WhiteFideId "13800221"]
[BlackFideId "1148486"]
[EventDate "2021.05.30"]

1. c4 Nf6 2. Nc3 e5 3. Nf3 Nc6 4. a3 a5 5. e3 Bc5 6. d4 exd4 7. exd4 Ba7 8. d5
Ne7 9. Bd3 d6 10. O-O O-O 11. h3 Ng6 12. Re1 Bd7 13. Qc2 Re8 14. Bg5 h6 15. Bd2
c6 16. Bxg6 fxg6 17. Qxg6 Rxe1+ 18. Rxe1 Be8 19. Qg3 Kh7 20. Nh4 cxd5 21. cxd5
Bf7 22. Nf5 Qf8 23. Nxd6 Bb8 24. Qd3+ Bg6 25. Nde4 Nxe4 26. Nxe4 Be5 27. Bc3
Bxc3 28. Qxc3 Re8 29. f3 Qf4 30. Qd4 Re5 31. d6 Bxe4 32. Rxe4 Rxe4 33. Qxe4+
Qxe4 34. fxe4 Kg6 35. d7 1-0

[Event "Women's Speed Chess Q3"]
[Site "chess.com INT"]
[Date "2021.05.30"]
[Round "14"]
[White "Swati, Mohota"]
[Black "Vine, Elzbieta"]
[Result "1-0"]
[WhiteTitle "WFM"]
[BlackTitle "WFM"]
[WhiteElo "2027"]
[BlackElo "2138"]
[WhiteFideId "5006511"]
[BlackFideId "1119320"]
[EventDate "2021.05.30"]

1. d4 d5 2. Nf3 Bg4 3. Ne5 Bf5 4. e3 f6 5. Nf3 Nc6 6. Bd3 Bg4 7. Be2 Qd7 8. c4
e6 9. Nc3 h5 10. h3 Bf5 11. cxd5 exd5 12. Bd3 O-O-O 13. Nh4 Bxd3 14. Qxd3 Nge7
15. Bd2 Nb4 16. Qb1 g5 17. Nf3 Bg7 18. a3 Nbc6 19. Qc2 g4 20. Ng1 gxh3 21. Nxh3
f5 22. O-O-O Bh6 23. Na4 Ng6 24. Nc5 Qe7 25. Qb3 b6 26. Qa4 bxc5 27. Qxc6 Bg7
28. Qa8+ Kd7 29. Qxd5+ Kc8 30. Qa8+ Kd7 31. Qxa7 1-0

[Event "Women's Speed Chess Q3"]
[Site "chess.com INT"]
[Date "2021.05.30"]
[Round "14"]
[White "Von Herman, Brigitte"]
[Black "Kanyamarala, Trisha"]
[Result "1-0"]
[WhiteTitle "WFM"]
[BlackTitle "WIM"]
[WhiteElo "1991"]
[BlackElo "2180"]
[WhiteFideId "4628730"]
[BlackFideId "45004722"]
[EventDate "2021.05.30"]

1. e4 c5 2. c3 Nf6 3. e5 Nd5 4. d4 cxd4 5. Nf3 Nc6 6. Bc4 Nb6 7. Bb3 d5 8. exd6
Qxd6 9. O-O dxc3 10. Qe2 e6 11. Nxc3 a6 12. Rd1 Qc7 13. g3 Be7 14. Bf4 e5 15.
Nxe5 Nxe5 16. Bxe5 Qc6 17. Bxg7 Rg8 18. Bh6 Qxh6 19. Re1 Be6 20. Bxe6 fxe6 21.
Rad1 Rd8 22. Qe4 Qg6 23. Qxb7 Nd7 24. Re2 Rf8 25. Rde1 Rf6 26. f4 Bc5+ 27. Kg2
Kf7 28. Ne4 Be7 29. Nxf6 Bxf6 30. Rxe6 Qc2+ 31. R1e2 Qc4 32. h4 Qc5 33. Qe4 Nb6
34. Qxh7+ Bg7 35. Re7+ 1-0

[Event "Women's Speed Chess Q3"]
[Site "chess.com INT"]
[Date "2021.05.30"]
[Round "14"]
[White "Ziegenfuss, Antonia"]
[Black "Petrova, Irina"]
[Result "0-1"]
[WhiteTitle "WFM"]
[BlackTitle "WIM"]
[WhiteElo "2157"]
[BlackElo "2110"]
[WhiteFideId "12962554"]
[BlackFideId "14124122"]
[EventDate "2021.05.30"]

1. d4 d6 2. c4 e5 3. Nc3 exd4 4. Qxd4 Nc6 5. Qd2 Nf6 6. b3 a5 7. g3 a4 8. Rb1
axb3 9. axb3 Be7 10. Bg2 O-O 11. Nf3 Be6 12. O-O d5 13. cxd5 Nxd5 14. Nxd5 Qxd5
15. Qxd5 Bxd5 16. Rd1 Be6 17. Bf4 Ra2 18. e4 Bc5 19. Rd2 Rxd2 20. Nxd2 Bb6 21.
b4 Rd8 22. b5 Nd4 23. Bf1 Bg4 24. Rc1 Ne2+ 25. Bxe2 Bxe2 26. Nc4 Bxc4 27. Rxc4
f6 28. Rc1 Rd7 29. Kg2 Kf7 30. Kf3 g5 31. Be3 Bxe3 32. Kxe3 Ke6 33. f4 gxf4+ 34.
gxf4 Rg7 35. f5+ Kd6 36. Rd1+ Kc5 37. Rd5+ Kb6 38. e5 fxe5 39. Rxe5 c5 40. f6
Rf7 41. Rf5 Kxb5 42. Ke4 Kb4 43. Ke5 c4 44. Ke6 Rf8 45. f7 c3 46. Ke7 Rxf7+ 47.
Kxf7 c2 48. Rf1 Kc3 49. Ke6 b5 50. Kd5 b4 51. Kc5 b3 52. Rf3+ Kd2 53. Rf2+ Ke1
54. Rg2 c1=Q+ 0-1

[Event "Women's Speed Chess Q3"]
[Site "chess.com INT"]
[Date "2021.05.30"]
[Round "14"]
[White "Putri, Regita Desyari"]
[Black "Narva, Regina"]
[Result "1-0"]
[WhiteTitle "WFM"]
[BlackTitle "WFM"]
[WhiteElo "1897"]
[BlackElo "1901"]
[WhiteFideId "7109083"]
[BlackFideId "4500237"]
[EventDate "2021.05.30"]

1. d4 Nf6 2. c4 e5 3. dxe5 Ne4 4. Bf4 b6 5. Nf3 Bb7 6. a3 Bc5 7. e3 a5 8. Bd3
O-O 9. O-O d6 10. Qc2 f5 11. exf6 Nxf6 12. Ng5 h6 13. Ne6 Qe7 14. Nxf8 Qxf8 15.
Nc3 Nbd7 16. Rad1 Ne5 17. Bxe5 dxe5 18. Be4 Nxe4 19. Nxe4 Qf5 20. f3 Bxe3+ 21.
Kh1 Bf4 22. g3 Be3 23. Qe2 Bd4 24. b3 Rf8 25. Kg2 g5 26. h3 h5 27. c5 g4 28.
hxg4 hxg4 29. Nd2 gxf3+ 30. Nxf3 Rf7 31. Rxd4 exd4 32. Rf2 Rh7 33. Qe8+ 1-0

[Event "Women's Speed Chess Q3"]
[Site "chess.com INT"]
[Date "2021.05.30"]
[Round "14"]
[White "Kiran, Manisha Mohanty"]
[Black "Varney, Zoe"]
[Result "1-0"]
[WhiteTitle "WGM"]
[BlackTitle "WCM"]
[WhiteElo "2168"]
[BlackElo "1917"]
[WhiteFideId "5019575"]
[BlackFideId "436135"]
[EventDate "2021.05.30"]

1. e4 e5 2. Nf3 Nc6 3. Bb5 a6 4. Ba4 Nf6 5. O-O Be7 6. Re1 b5 7. Bb3 O-O 8. a4
Bb7 9. d3 h6 10. Nbd2 d6 11. Nf1 Qd7 12. Ng3 Rfd8 13. Nf5 Bf8 14. N3h4 Nd4 15.
Ba2 c5 16. c3 Nxf5 17. Nxf5 d5 18. Qf3 dxe4 19. dxe4 Qd3 20. Qxd3 Rxd3 21. f3
Rad8 22. Be3 b4 23. Bc4 a5 24. Bxd3 Rxd3 25. Rad1 Ba6 26. Rxd3 Bxd3 27. cxb4
axb4 28. Rd1 c4 29. a5 Kh7 30. a6 g6 31. a7 gxf5 32. exf5 e4 33. a8=Q exf3 34.
Qxf3 Bg7 35. Bc5 Be4 36. Qf4 Bc2 37. Rf1 c3 38. bxc3 bxc3 39. Bd4 Bd3 40. Rf3
Be2 41. Rg3 c2 42. Rxg7+ Kxg7 43. Bb2 Bd1 44. Qe5 Kg8 45. Qxf6 h5 46. Qg7# 1-0

[Event "Women's Speed Chess Q3"]
[Site "chess.com INT"]
[Date "2021.05.30"]
[Round "14"]
[White "Szente Varga, Fruzsina"]
[Black "Koridze, Lile"]
[Result "1-0"]
[WhiteTitle "WFM"]
[BlackTitle "WFM"]
[WhiteElo "2100"]
[BlackElo "2016"]
[WhiteFideId "712264"]
[BlackFideId "13612514"]
[EventDate "2021.05.30"]

1. e4 c5 2. Nf3 d6 3. d4 cxd4 4. Qxd4 a6 5. c4 Nc6 6. Qe3 Nf6 7. Nc3 g6 8. h3
Bg7 9. Bd3 O-O 10. O-O Nd7 11. Bc2 Nc5 12. b3 f5 13. exf5 Bxf5 14. Bxf5 Rxf5 15.
Bb2 Qf8 16. Rfe1 Qf7 17. Rab1 e6 18. Ne2 Ne5 19. Nxe5 Bxe5 20. Bxe5 Rxe5 21. Qd2
Ne4 22. Qf4 Qg7 23. f3 Rf8 24. Qh4 Rh5 25. Qxe4 Re5 26. Qd3 Qh6 27. Nd4 Qg5 28.
Rxe5 Qxe5 29. Ne2 d5 30. cxd5 exd5 31. Nc3 d4 32. Ne4 Rd8 33. Rc1 b5 34. b4 Qf4
35. Rc6 Qf5 36. Qb3+ Kh8 37. Rc7 d3 38. Qc3+ 1-0

[Event "Women's Speed Chess Q3"]
[Site "chess.com INT"]
[Date "2021.05.30"]
[Round "14"]
[White "Ulziikhishigjargal, Ochirkhuyag"]
[Black "Tanishka, Kotia"]
[Result "1-0"]
[WhiteTitle "FM"]
[BlackTitle "WFM"]
[WhiteElo "2020"]
[BlackElo "1849"]
[WhiteFideId "4903188"]
[BlackFideId "25005600"]
[EventDate "2021.05.30"]

1. e3 d5 2. Nf3 c5 3. b3 Nc6 4. Bb2 Nf6 5. c4 e6 6. Nc3 Be7 7. Rc1 O-O 8. Bd3
dxc4 9. Bxc4 a6 10. O-O b5 11. Be2 Bb7 12. Qc2 Qc7 13. Qb1 Rad8 14. d3 Bd6 15.
Rfd1 Ne5 16. Nxe5 Bxe5 17. g3 Qc6 18. e4 Bd4 19. Bf3 e5 20. Ne2 Qd6 21. Bxd4
cxd4 22. Qb2 Rc8 23. b4 Rc7 24. Rxc7 Qxc7 25. Rc1 Qb6 26. Rc5 Rc8 27. Rxe5 Qd6
28. Qxd4 Qxd4 29. Nxd4 Rc1+ 30. Kg2 h6 31. Re7 Bc8 32. Ra7 Ra1 33. e5 Nd7 34.
Ra8 Nb6 35. Rb8 Rxa2 36. Rxb6 Bd7 37. Be4 g6 38. Rb7 Bg4 39. h3 Bd1 40. e6 fxe6
41. Nxe6 Bb3 42. Nc5 Bc2 43. Bxg6 a5 44. bxa5 Rxa5 45. Bf7+ Kf8 46. Ne6# 1-0

[Event "Women's Speed Chess Q3"]
[Site "chess.com INT"]
[Date "2021.05.30"]
[Round "14"]
[White "Gaponenko, Inna"]
[Black "Nguyen, Thi Mai Hung"]
[Result "1-0"]
[WhiteTitle "IM"]
[BlackTitle "WGM"]
[WhiteElo "2357"]
[BlackElo "2254"]
[WhiteFideId "14101181"]
[BlackFideId "12401676"]
[EventDate "2021.05.30"]

1. e4 e6 2. d4 d5 3. exd5 exd5 4. Nf3 Nf6 5. Bd3 Bd6 6. Qe2+ Qe7 7. Qxe7+ Bxe7
8. Bf4 c6 9. O-O O-O 10. Nbd2 Bg4 11. Rfe1 Re8 12. h3 Bh5 13. Ne5 Nbd7 14. Re3
Nxe5 15. Bxe5 Bg6 16. Rae1 Kf8 17. Bxg6 hxg6 18. c3 Nd7 19. Bxg7+ Kxg7 20. Rxe7
Rxe7 21. Rxe7 Rd8 22. Nf3 Kf8 23. Re2 Nf6 24. Ne5 Ne4 25. f3 Nd6 26. Kf2 Kg7 27.
g4 Re8 28. Nd3 Rh8 29. Kg3 Kf6 30. Nc5 b6 31. Nd7+ Kg7 32. Re7 Nc8 33. Re2 f6
34. Nb8 c5 35. dxc5 bxc5 36. Na6 c4 37. Nc7 Nb6 38. Re7+ Kh6 39. Ne6 Rc8 40. h4
g5 41. h5 Rc6 42. Ng7 1-0

[Event "Women's Speed Chess Q3"]
[Site "chess.com INT"]
[Date "2021.05.30"]
[Round "14"]
[White "Mkrtchian, Lilit"]
[Black "Komiagina, Maria"]
[Result "1-0"]
[WhiteTitle "IM"]
[BlackTitle "WIM"]
[WhiteElo "2388"]
[BlackElo "2241"]
[WhiteFideId "13300601"]
[BlackFideId "4153987"]
[EventDate "2021.05.30"]

1. e4 g6 2. d4 Bg7 3. Nc3 d6 4. Be3 a6 5. Qd2 b5 6. h4 h5 7. Nh3 Bb7 8. f3 Nd7
9. Ng5 c5 10. Ne2 Rc8 11. c3 cxd4 12. cxd4 Nb6 13. Nc3 Nc4 14. Bxc4 Rxc4 15. O-O
e6 16. Rad1 Ne7 17. d5 exd5 18. Nxd5 Bxd5 19. exd5 O-O 20. Bf2 Nf5 21. b3 Rc8
22. Qd3 Rc3 23. Qd2 Qc7 24. Rc1 b4 25. Ne4 Rxc1 26. Rxc1 Qd7 27. Qxb4 Re8 28.
Qb6 Qe7 29. Qxa6 Qe5 30. Qb5 Rf8 31. a4 Qf4 32. Rf1 Nxh4 33. Qe2 Nf5 34. a5 Be5
35. g3 Qh6 36. f4 Bg7 37. a6 h4 38. g4 Qxf4 39. gxf5 Be5 40. Kg2 Qh2+ 41. Kf3
Qh3+ 42. Bg3 1-0

[Event "Women's Speed Chess Q3"]
[Site "chess.com INT"]
[Date "2021.05.30"]
[Round "14"]
[White "Starosta, Martyna"]
[Black "Grigoryan, Meri"]
[Result "1-0"]
[WhiteTitle "WCM"]
[BlackTitle "WFM"]
[WhiteElo "1910"]
[BlackElo "2044"]
[WhiteFideId "21818754"]
[BlackFideId "13300571"]
[EventDate "2021.05.30"]

1. e4 e5 2. Nf3 Nc6 3. Bb5 Nf6 4. O-O Nxe4 5. Re1 Nd6 6. Bf1 Be7 7. Nxe5 Nxe5 8.
Rxe5 O-O 9. d4 Bf6 10. Re1 Re8 11. Be3 Nf5 12. Qd3 Nxe3 13. Rxe3 d5 14. Nd2 Rxe3
15. Qxe3 Qe7 16. Re1 Qxe3 17. Rxe3 Bf5 18. c3 Kf8 19. Nf3 Re8 20. Be2 Rxe3 21.
fxe3 Be4 22. Nd2 Bc2 23. Bf3 c6 24. e4 Bg5 25. Nf1 dxe4 26. Be2 f5 27. g4 g6 28.
gxf5 gxf5 29. Kf2 Ke7 30. Ng3 Ke6 31. Bc4+ Kf6 32. Nh5+ Kg6 33. Ng3 Bh4 34. Ke2
Bxg3 35. hxg3 Kg5 36. Ke3 Kg4 37. Be6 h5 38. Bc8 b6 39. Bd7 c5 40. d5 Kg5 41. d6
Kf6 42. Be8 Bd1 43. Kf4 Bg4 44. Bd7 a6 45. a4 Be2 46. Bxf5 b5 47. d7 Ke7 48.
axb5 axb5 49. Kxe4 Bd1 50. Kd5 c4 51. Kc5 Bg4 52. Bxg4 hxg4 53. Kxb5 Kxd7 54.
Kxc4 1-0

[Event "Women's Speed Chess Q3"]
[Site "chess.com INT"]
[Date "2021.05.30"]
[Round "14"]
[White "Nomin-Erdene, Davaademberel"]
[Black "Doluhanova, Evgeniya"]
[Result "0-1"]
[WhiteTitle "IM"]
[BlackTitle "WGM"]
[WhiteElo "2382"]
[BlackElo "2207"]
[WhiteFideId "4900782"]
[BlackFideId "14112035"]
[EventDate "2021.05.30"]

1. f4 b6 2. Nf3 Bb7 3. e3 g6 4. g3 Bg7 5. Bg2 e6 6. O-O Ne7 7. d3 d6 8. e4 Nd7
9. Nc3 O-O 10. Ne2 c5 11. c3 h6 12. Be3 f5 13. Qc2 Nf6 14. Nd2 Ng4 15. Bf2 Nxf2
16. Rxf2 e5 17. Raf1 Qc7 18. fxe5 dxe5 19. Nc4 Rad8 20. Ne3 Kh7 21. c4 f4 22.
Nd5 Nxd5 23. exd5 fxg3 24. hxg3 Qe7 25. Nc3 Rxf2 26. Rxf2 e4 27. dxe4 Bd4 28.
Kh2 Bxf2 29. Qxf2 Rf8 30. Qe3 Qe5 31. Ne2 Bc8 32. Qc3 Qh5+ 33. Kg1 Qxe2 34. Qe5
Qf2+ 35. Kh2 Qf6 36. Qc7+ Qf7 37. Qd6 Qf6 38. Qc7+ Qg7 39. Qd6 h5 40. e5 g5 41.
e6 h4 42. gxh4 gxh4 43. Be4+ Kh8 44. e7 Rg8 45. Qf4 Qg1# 0-1

[Event "Women's Speed Chess Q3"]
[Site "chess.com INT"]
[Date "2021.05.30"]
[Round "14"]
[White "Voit, Daria"]
[Black "Balabayeva, Xeniya"]
[Result "1-0"]
[WhiteTitle "WGM"]
[BlackTitle "WFM"]
[WhiteElo "2360"]
[BlackElo "2178"]
[WhiteFideId "4182146"]
[BlackFideId "13719688"]
[EventDate "2021.05.30"]

1. Nf3 d5 2. c4 d4 3. g3 Nc6 4. Bg2 g6 5. O-O Bg7 6. a3 a5 7. d3 e5 8. e3 Nge7
9. exd4 exd4 10. Re1 O-O 11. Bf4 Be6 12. Nbd2 Qd7 13. h4 Rae8 14. Qa4 Nc8 15. b4
Nb6 16. Qb5 axb4 17. axb4 Bf5 18. Bf1 Ra8 19. Nb3 Bg4 20. Nc5 Qf5 21. Bxc7 Bxf3
22. Qxb6 Ne5 23. Bxe5 Bxe5 24. Rxa8 Rxa8 25. Nxb7 Ra2 26. Nd6 Bxd6 27. Qxd6 Qg4
28. Qb8+ Kg7 29. Qe5+ Kg8 30. Qg5 Qd7 31. b5 Qb7 32. Qf6 Qa8 33. Re7 Qf8 34. Qe5
Ra8 35. c5 Rc8 36. c6 Rb8 37. Rd7 Ra8 38. c7 Rc8 39. b6 Bb7 40. Qxd4 Qe8 41. Rd8 1-0

[Event "Women's Speed Chess Q3"]
[Site "chess.com INT"]
[Date "2021.05.30"]
[Round "14"]
[White "Morris-Suzuki, Sophie"]
[Black "Assaubayeva, Bibisara"]
[Result "0-1"]
[WhiteTitle "WFM"]
[BlackTitle "IM"]
[WhiteElo "2043"]
[BlackElo "2381"]
[WhiteFideId "30922615"]
[BlackFideId "13708694"]
[EventDate "2021.05.30"]

1. e4 c5 2. Nc3 d6 3. f4 g6 4. Nf3 Bg7 5. Bc4 Nc6 6. O-O Na5 7. Bb5+ Bd7 8.
Bxd7+ Qxd7 9. Qe1 Nc6 10. d3 f5 11. exf5 Qxf5 12. Ng5 Nd4 13. Nce4 O-O-O 14. Qd1
h6 15. Ng3 Qd5 16. N5e4 Nf6 17. c3 Nf5 18. Qc2 h5 19. Nxf5 gxf5 20. Ng5 Kb8 21.
Be3 e5 22. fxe5 Ng4 23. Rae1 Bxe5 24. Nf3 Rde8 25. Bd2 h4 26. Kh1 h3 27. g3 Bf6
28. Kg1 Qc6 29. Bf4 Rxe1 30. Nxe1 Re8 31. Qd2 Be5 32. Bxe5 Rxe5 33. Nf3 Re3 34.
Qd1 Qd5 35. c4 Qxd3 36. Qxd3 Rxd3 37. Ne1 Rd1 38. Nf3 Rd3 39. Nh4 Rd2 40. Nxf5
Rg2+ 41. Kh1 Rxh2+ 42. Kg1 Rg2+ 43. Kh1 Nf2+ 44. Rxf2 Rxf2 45. Nxd6 Rxb2 46. Ne4
Rxa2 47. Nxc5 a5 48. g4 a4 49. g5 a3 50. Nb3 Rb2 51. Nc1 Rb1 52. g6 Rxc1+ 53.
Kh2 Rxc4 54. g7 Rc8 55. Kxh3 Rg8 56. Kh4 Rxg7 57. Kh5 a2 58. Kh6 a1=Q 59. Kh5
Qh1# 0-1

[Event "Women's Speed Chess Q3"]
[Site "chess.com INT"]
[Date "2021.05.30"]
[Round "14"]
[White "Ambartsumova, Karina"]
[Black "Cyfka, Karina"]
[Result "1-0"]
[WhiteTitle "IM"]
[BlackTitle "IM"]
[WhiteElo "2382"]
[BlackElo "2415"]
[WhiteFideId "4166299"]
[BlackFideId "1122681"]
[EventDate "2021.05.30"]

1. c4 e5 2. Nc3 Nf6 3. Nf3 d6 4. g3 Be7 5. Bg2 O-O 6. d4 Nbd7 7. O-O c6 8. e4 a6
9. a4 a5 10. Qc2 Qc7 11. h3 exd4 12. Nxd4 Nc5 13. Re1 Na6 14. Bf4 Nb4 15. Qd2
Re8 16. Rad1 Bf8 17. Nf3 Be6 18. b3 Rad8 19. Rc1 Bc8 20. Nd4 Nd7 21. Red1 Nc5
22. Qe2 g6 23. f3 Bg7 24. Be3 Be6 25. Qf2 b6 26. Bf1 Qc8 27. Kh2 Bd7 28. Rd2 Be5
29. Re1 h5 30. f4 Bg7 31. Qf3 h4 32. gxh4 Be6 33. Bg2 Bd7 34. h5 Qc7 35. hxg6
fxg6 36. Qg3 d5 37. cxd5 cxd5 38. Qxg6 dxe4 39. Nxe4 Nxe4 40. Bxe4 Rxe4 41. Qxe4
Be8 42. Ne6 Rxd2+ 43. Bxd2 Qe7 44. Nxg7 Qxe4 45. Rxe4 Kxg7 46. Rxe8 Nd3 47. Rb8
Kf6 48. Rxb6+ Kf5 49. Rb5+ Ke4 50. Rxa5 Kf3 51. Rb5 1-0

[Event "Women's Speed Chess Q3"]
[Site "chess.com INT"]
[Date "2021.05.30"]
[Round "14"]
[White "Socko, Monika"]
[Black "Sviridova, Vlada"]
[Result "1-0"]
[WhiteTitle "GM"]
[BlackTitle "WFM"]
[WhiteElo "2421"]
[BlackElo "2144"]
[WhiteFideId "1106619"]
[BlackFideId "24109606"]
[EventDate "2021.05.30"]

1. g3 d5 2. Bg2 c6 3. d3 Nf6 4. Nf3 Bf5 5. O-O h6 6. Nc3 e6 7. Re1 Be7 8. Bf4
O-O 9. e4 Bh7 10. Ne5 Nbd7 11. Nxd7 Nxd7 12. Qe2 e5 13. Bd2 d4 14. Nd1 Nc5 15.
Rf1 Ne6 16. f4 exf4 17. gxf4 Qb6 18. Nf2 Qxb2 19. Rab1 Qxc2 20. Rxb7 Bh4 21. f5
Nc5 22. Rc7 Bxf2+ 23. Rxf2 Nxd3 24. Rf1 Rac8 25. Rxa7 c5 26. e5 c4 27. e6 c3 28.
exf7+ Kh8 29. Be4 cxd2 30. Bxd3 Qc1 31. Re7 Qc3 32. Kg2 Qc6+ 33. Kg1 Qc5 34. Rd1
Bxf5 35. Rxd2 Bxd3 36. Rxd3 Qc1+ 37. Kg2 Qg5+ 38. Kf2 Qf6+ 39. Rf3 Qb6 40. Kg2
Qg6+ 41. Rg3 Qc6+ 42. Re4 Rxf7 43. Qg4 Rg8 44. Kh3 d3 45. Re6 Qd5 46. Rxh6+ gxh6
47. Qxg8# 1-0

[Event "Women's Speed Chess Q3"]
[Site "chess.com INT"]
[Date "2021.05.30"]
[Round "14"]
[White "Dauletova, Gulmira"]
[Black "Nguyen, Hong Anh"]
[Result "0-1"]
[WhiteTitle "WGM"]
[BlackTitle "WIM"]
[WhiteElo "2285"]
[BlackElo "1993"]
[WhiteFideId "13702971"]
[BlackFideId "12406732"]
[EventDate "2021.05.30"]

1. e4 c5 2. Nf3 Nc6 3. d4 cxd4 4. Nxd4 g6 5. c4 Nf6 6. Nc3 d6 7. Be2 Nxd4 8.
Qxd4 Bg7 9. Be3 O-O 10. Qd2 Be6 11. Rc1 Qa5 12. f3 Rfc8 13. b3 a6 14. Nd5 Qxd2+
15. Kxd2 Nxd5 16. exd5 Bd7 17. g4 b5 18. h4 bxc4 19. bxc4 Bb2 20. Rb1 Rab8 21.
h5 a5 22. hxg6 hxg6 23. Bd3 a4 24. a3 Bxa3 25. Bd4 f6 26. Bxg6 Rxb1 27. Rxb1
Rxc4 28. Kd3 Rc8 29. Rb7 Rd8 30. Bf5 Bxf5+ 31. gxf5 Kf7 32. Ra7 Rb8 33. Rxa4
Rb3+ 34. Ke4 Bc1 35. Ra7 Rb4 36. Kd3 Rb3+ 37. Ke4 Bg5 38. f4 Bh4 39. Ra4 Rb1 40.
Ra7 Rb4 41. Ra8 Bf2 42. Kd3 Bxd4 43. Rd8 Bb2 44. Rd7 Rxf4 0-1